Comuni della Provincia di Catania (con mappa) - Statistics

Statistiche generali
  • Questo quiz è stato fatto 59 volte
  • Il punteggio medio è 34 su 58
Risposte nella Mappa
Le risposte nella mappa del quiz sottostante sono codificate secondo una scala di colori dal rosso al verde in base alla % di persone che hanno risposto correttamente.
 
Statistiche sulle risposte
Risposta % Corretto
Catania
97%
Aci Castello
89%
Acireale
89%
Bronte
89%
Misterbianco
89%
Aci Sant'Antonio
83%
Giarre
83%
Aci Catena
77%
Paternò
77%
Adrano
71%
Gravina di Catania
71%
Nicolosi
71%
Zafferana Etnea
71%
Aci Bonaccorsi
69%
Belpasso
69%
Biancavilla
69%
Caltagirone
69%
Mascalucia
69%
Milo
69%
Tremestieri Etneo
69%
Pedara
66%
Randazzo
66%
Trecastagni
66%
Linguaglossa
63%
Riposto
63%
Sant'Agata li Battiati
63%
San Giovanni la Punta
60%
Grammichele
57%
Maletto
54%
Mascali
54%
Militello in Val di Catania
54%
Vizzini
54%
Motta Sant'Anastasia
51%
Ragalna
51%
San Cono
51%
Santa Maria di Licodia
51%
Santa Venerina
51%
Calatabiano
49%
Maniace
49%
Piedimonte Etneo
49%
Ramacca
49%
San Gregorio di Catania
49%
San Pietro Clarenza
49%
Valverde
49%
Camporotondo Etneo
46%
Fiumefreddo di Sicilia
46%
Mineo
46%
San Michele di Ganzaria
46%
Castiglione di Sicilia
43%
Palagonia
43%
Sant'Alfio
43%
Scordia
43%
Viagrande
43%
Licodia Eubea
40%
Mirabella Imbaccari
40%
Castel di Iudica
34%
Mazzarrone
34%
Raddusa
34%
Nessun quiz corrispondente trovato
Distribuzione punteggi
Percentuale di utenti per punteggio
Percentile per numero di risposta
I tuoi punteggi nel tempo
Non hai fatto questo quiz